000 00614nam a22002177a 4500
003 UA-OsUOA
001 97949
007 ta
008 20130408b un ||||| |||| 00| 0 ukr d
090 _a821.512.133
_bП61
942 _cBK
040 _aUA-OsUOA
_brus
_cUA-OsUOA
_dUA-OsUOA
245 _aПослы млечного пути
_cсост. В. Новопрудский
300 _a368 с.
955 _a3
041 _arus
080 _a821.512.133
260 _aТашкент
_bЁш гвардия
_c1990
650 7 _a82 Література. Літературознавство
_2UDC
999 _c384193
_d384193